Heat transfer (Record no. 3641)

000 -LEADER
fixed length control field 00564nam a2200229 a 4500
001 - CONTROL NUMBER
control field 3641
003 - CONTROL NUMBER IDENTIFIER
control field BD-DhUET
008 - FIXED-LENGTH DATA ELEMENTS--GENERAL INFORMATION
fixed length control field 960506s1997 nyua b 001 0 eng
020 ## - INTERNATIONAL STANDARD BOOK NUMBER
International Standard Book Number 0071143203
020 ## - INTERNATIONAL STANDARD BOOK NUMBER
International Standard Book Number 0078447852
040 ## - CATALOGING SOURCE
Original cataloging agency DLC
Transcribing agency DLC
Modifying agency BD-DhUET
082 00 - DEWEY DECIMAL CLASSIFICATION NUMBER
Classification number 621.011
Item number HOL/1997
100 1# - MAIN ENTRY--PERSONAL NAME
Personal name Holman, J. P.
245 10 - TITLE STATEMENT
Title Heat transfer
250 ## - EDITION STATEMENT
Edition statement 8th ed.
260 ## - PUBLICATION, DISTRIBUTION, ETC. (IMPRINT)
Place of publication, distribution, etc. New York
Name of publisher, distributor, etc. McGraw-Hill
Date of publication, distribution, etc. 1997
300 ## - PHYSICAL DESCRIPTION
Extent xviii, 696 p.
Other physical details ill.
490 ## - SERIES STATEMENT
Series statement Schaum's outline series
504 ## - BIBLIOGRAPHY, ETC. NOTE
Bibliography, etc Includes bibliographies
650 #0 - SUBJECT ADDED ENTRY--TOPICAL TERM
Topical term or geographic name as entry element Heat transfer
942 ## - ADDED ENTRY ELEMENTS (KOHA)
Koha item type General Book
Holdings
Koha full call number Koha normalized classification for sorting Sublocation or collection (holding branch) Not for loan Source of classification or shelving scheme Koha item type Withdrawn status Lost status Koha date last seen Koha out on loan Koha date last borrowed Location (home branch) Shelving location Date acquired Koha issues (times borrowed) Piece designation (barcode) Price effective from Copy number Damaged status
621.011/HOL/1997621_011000000000000_HOL_1997Central Library, BUET  General Book  2025-04-272025-05-112025-04-27Central Library, BUETCirculation section2014-11-033924502014-11-031 
621.011/HOL/1997621_011000000000000_HOL_1997Central Library, BUET  General Book  2014-11-03  Central Library, BUETCirculation section2014-11-03 924522014-11-032 
621.011/HOL/1997621_000000000000000_011HOL1997Central Library, BUET  General Book  2016-07-30  Central Library, BUETCirculation section2014-11-03 924532014-11-033 
621.011/HOL/1997621_000000000000000_011HOL1997Central Library, BUET  General Book  2022-06-08 2022-01-09Central Library, BUETCirculation section2014-11-031924542014-11-034 
621.011/HOL/1997621_000000000000000_011HOL1997Central Library, BUET  General Book  2024-10-28 2024-10-02Central Library, BUETCirculation section2014-11-032924552014-11-035 
621.011/HOL/1997621_000000000000000_011HOL1997Central Library, BUET  General Book  2024-08-31 2023-12-10Central Library, BUETCirculation section2014-11-033924572014-11-036 
621.011/HOL/1997621_000000000000000_011HOL1997Central Library, BUET  General Book  2014-11-03  Central Library, BUETCirculation section2014-11-03 924592014-11-037 
621.011/HOL/1997621_011000000000000_HOL_1997Central Library, BUET  General Book  2024-08-28 2024-03-12Central Library, BUETCirculation section2014-11-031924602014-11-038 
621.011/HOL/1997621_000000000000000_011HOL1997Central Library, BUET  General Book  2024-06-22 2024-04-08Central Library, BUETCirculation section2014-11-031924612014-11-039 
621.011/HOL/1997621_000000000000000_011HOL1997Central Library, BUET  General Book  2025-03-12 2024-12-10Central Library, BUETCirculation section2014-11-035924622014-11-0310 
621.011/HOL/1997621_000000000000000_011HOL1997Central Library, BUET  General Book  2017-05-03 2015-03-04Central Library, BUETCirculation section2014-11-031924642014-11-0311 
621.011/HOL/1997621_000000000000000_011HOL1997Central Library, BUET  General Book  2019-07-10 2019-06-17Central Library, BUETCirculation section2014-11-033924652014-11-0312 
621.011/HOL/1997621_000000000000000_011HOL1997Central Library, BUET  General Book  2022-06-08 2022-05-24Central Library, BUETCirculation section2014-11-033924662014-11-0313 
621.011 HOL/1997621_011000000000000_HOL_1997Central Library, BUET  General Book  2015-04-12  Central Library, BUETCirculation section2015-04-12 924682015-04-1214 
621.011/HOL/1997621_011000000000000_HOL_1997Central Library, BUET  Reading Item  2015-07-02  Central Library, BUETReading section2015-07-02 924472015-07-0215 
621.011/HOL/1997621_011000000000000_HOL_1997Central Library, BUET  Reading Item  2015-07-09  Central Library, BUETReading section2015-07-09 924462015-07-0916